000 01605nam a2200289 a 4500
003 DO-SdBNP
005 20240305102114.0
007 ta
008 221123e190? dr aobcgr|||| 001 edspa d
040 _aDO-SdBNP
_bspa
_cBNPHU
082 4 _222
_bL789i
100 1 _aLizardo, Fradique,
_d1930-1997
_962027
245 1 0 _aInstrumentos musicales folklóricos dominicanos:
_bindiófonos y membranófonos. /
_cFradique Lizardo; Editor, César Ojeda
260 _aSanto Domingo :
_bUNESCO,
_c[1988]
300 _a454 p. :
_bil., fotogr., mapas, retr. ;
_c21 cm.
500 _aIncluye datos biográficos del autor en la contracubierta.
500 _aLa Biblioteca posee el volumen 1.
504 _aBibliografía: p. 441 - 454
505 _aReconocimiento.
_tConceptos generales sobre la organología y la clasificación de los instrumentos.--
_tLas espátulas vómicas sonajeros de la cultura taína. /
_rManuel Ant. García Arévalo.--
_tLos instrumentos indígenas idiófonos.-- Menbranófonos.-- Cordófonos.-- Aerófonos.--
_tCrítica a la obra "Instrumentos Musicales Indígenas Dominicanos". /
_rJosé E. García Aybar.--
_tPlan del contenido del Tomo II de Instrumentos Musicales dominicanos.--
_tBibliografía.
590 _aInventariado 2022 / MF
650 4 _9461
_aInstrumentos Musicales
_xRepública Dominicana
650 4 _941932
_aInstrumentos Musicales
_xHistoria y Crítica, Ensayos, Conferencias, etc.
_zRepública Dominicana
650 4 _918873
_aFolklore
_zRepública Dominicana
710 4 _956288
_aOrganizaciones de las Naciones Unidas para la Educación.
910 _aMFeliz
942 _2ddc
_cLBS1
999 _c52994
_d52994